Logo biblioteca
Santa Fe 2917, Rosario, Santa Fe
Lu-Vi 8 a 19.45
+54-341-4232362
bibliotecaeudoro@gmail.com
Facebook Biblioteca Pedagógica
Sitio web

Mensajero 3 : (Registro nro. 32514)

Detalles MARC
000 -CABECERA
campo fijo de control de longitud 00802cam a22002657a 4500
001 - NÚMERO DE CONTROL
campo de control 32514
003 - IDENTIFICADOR DEL NÚMERO DE CONTROL
campo de control AR-RoBPED
005 - FECHA Y HORADE LA ULTIMA TRANSACCION
campo de control 20260408090227.0
007 -
campo fijo de control de longitud ta
008 - ELEMENTOS DE LONGITUD FIJA--INFORMACION GENERAL
campo fijo de control de longitud 260407s1989 ag a|||br 001 0|spa d
020 ## - ISBN
ISBN 9501300854
040 ## - FUENTE CATALOGADORA
Centro catalogador/agencia de origen AR-RoBPED
041 ## - IDIOMA
Código de idioma para texto/pista de sonido o título independiente spa
100 1# - ENCABEZAMIENTO PRINCIPAL--AUTOR PERSONAL
Nombre de persona Pérez, Alba
9 (RLIN) 16895
245 10 - TITULO
Título Mensajero 3 :
Subtítulo libro de lectura para tercer grado /
Mención de responsabilidad Alba Pérez ; dibujos Norma Adam.
260 ## - PUBLICACION
Lugar Buenos Aires :
Editor Kapelusz,
Fecha 1989.
300 ## - DESCRIPCION FISICA
Extensión 159 p. :
Otros detalles físicos il.
650 #4 - TERMINO DE MATERIA--CONTROLADO
Término controlado LIBROS DE LECTURA
9 (RLIN) 15325
Término controlado TERCER GRADO
9 (RLIN) 1463
Término controlado ARCHIVO INFANTIL
9 (RLIN) 24464
700 ## - ENCABEZAMIENTO SECUNDARIO--AUTOR PERSONAL
Nombre de persona Adam, Norma
9 (RLIN) 30720
Función il.
Nombre de persona Kaufman, Ruth
Fecha de nac-muerte 1961-
9 (RLIN) 17514
942 ## - ELEMENTOS KOHA
Koha tipo de ítem Libro
Fuente de clasificación Universal Decimal Classification
Número Koha k. 32514
Clasificación 372.4
Pre signatura IA
Signatura librística P 45 m
Inventario Inv. 42383
945 ## - PROCESAMIENTO DE LA INFORMACIÓN LOCAL
Catalogador y fecha cd 07/04/2026 - mev 08/04/2026
Existencias
Estado retirado Estado perdido Fuente de clasificación Estado dañado No se presta Biblioteca propietaria Biblioteca de reserva Fecha de adquisición Procedencia Total de préstamos Signatura topográfica completa Código de barras (nº de inventario) Fecha visto por última vez Catalogador y fecha Tipo de ítem Koha Nota pública
    Universal Decimal Classification   No se presta Biblioteca Pedagógica Eudoro Díaz Biblioteca Pedagógica Eudoro Díaz 07/04/2026 Donación   IA 372.4 P 45 m 42383 07/04/2026 cd 07/04/2026 Libro No sale a domicilio.